60 Second Border Chain #1 - Statistics

General Stats
  • This quiz has been taken 112 times
  • The average score is 9 of 23
Answer Stats
Hint Answer % Correct
Azerbaijan Iran
93%
Saudi Arabia Iraq
88%
Egypt Israel
87%
Lebanon Syria
87%
Libya Egypt
79%
Ethiopia Sudan
75%
Republic of the Congo Central African Republic
63%
Equatorial Guinea Cameroon
51%
Benin Nigeria
46%
Algeria Niger
39%
Senegal Mali
33%
Tunisia Algeria
30%
Italy France
30%
Portugal Spain
30%
Mauritania Morocco
28%
Liechtenstein Switzerland
24%
Slovakia Austria
16%
Romania Hungary
12%
Finland Russia
8%
Belarus Ukraine
8%
Kyrgyzstan Kazakhstan
7%
Pakistan Afghanistan
3%
Iran Turkmenistan
3%
No matching quizzes found
Score Distribution
Percent of People with Each Score
Percentile by Number Answered
Your Score History
You have not taken this quiz